[Event "Mittelfrank Regionalliga Sud-Ost 2223"]
[Site "Mittelfranken"]
[Date "2023.04.23"]
[Round "9.7"]
[White "Huber, Florian"]
[Black "Rose, Martin"]
[Result "1/2-1/2"]
[WhiteElo "1801"]
[BlackElo "1937"]
[PlyCount "73"]
[EventDate "2022.10.09"]
[EventType "team-tourn"]
[EventRounds "9"]
[EventCountry "GER"]
[SourceTitle "EXT 2024"]
[Source "ChessBase"]
[SourceDate "2023.10.10"]
[SourceVersion "1"]
[SourceVersionDate "2023.10.10"]
[SourceQuality "1"]
[WhiteTeam "Landau Dingolfing"]
[BlackTeam "Moosburg"]
[WhiteTeamCountry "GER"]
[BlackTeamCountry "GER"]

1. d4 Nf6 2. Nf3 d5 3. e3 Bg4 4. h3 Bh5 5. g4 Bg6 6. Ne5 Ne4 7. h4 f6 8. h5 Bf7 9. Nxf7 Kxf7 10. Bg2 e6 11. Qd3 Nd6 12. Nd2 Nc6 13. c4 dxc4 14. Nxc4 Nb4 15. Qb3 Nxc4 16. Qxc4 c6 17. a3 Nd5 18. Bd2 Bd6 19. Ke2 Rf8 20. f4 Qd7 21. f5 Ke7 22. e4 Nb6 23. Qxe6+ Qxe6 24. fxe6 Kxe6 25. Kd3 Rad8 26. Rhe1 Kf7 27. g5 Be5 28. Be3 fxg5 29. Rf1+ Kg8 30. Rxf8+ Kxf8 31. Rf1+ Kg8 32. Rf5 Bf6 33. e5 Be7 34. Bxg5 Bxg5 35. Rxg5 Nd5 36. Bxd5+ Rxd5 37. Ke4 1/2-1/2

[Event "Mittelfrank Regionalliga Sud-Ost 2223"]
[Site "Mittelfranken"]
[Date "2023.02.05"]
[Round "6.6"]
[White "Postlmayer, Jakob"]
[Black "Rose, Martin"]
[Result "1-0"]
[WhiteElo "2333"]
[BlackElo "1937"]
[PlyCount "115"]
[EventDate "2022.10.09"]
[EventType "team-tourn"]
[EventRounds "9"]
[EventCountry "GER"]
[SourceTitle "EXT 2024"]
[Source "ChessBase"]
[SourceDate "2023.10.10"]
[SourceVersion "1"]
[SourceVersionDate "2023.10.10"]
[SourceQuality "1"]
[WhiteTeam "Passau II"]
[BlackTeam "Moosburg"]
[WhiteTeamCountry "GER"]
[BlackTeamCountry "GER"]

1. d4 Nf6 2. c4 g6 3. Nc3 d5 4. Nf3 Bg7 5. Qb3 c6 6. cxd5 cxd5 7. Bg5 e6 8. e3 0-0 9. Bd3 Nbd7 10. 0-0 Qb6 11. Qa3 Re8 12. Na4 Qd8 13. Rac1 Bf8 14. Qc3 a6 15. Bf4 b5 16. Nc5 Nh5 17. b4 Nxf4 18. exf4 Nb6 19. Rfe1 Ra7 20. g3 Nc4 21. Ne5 Qd6 22. a4 Bg7 23. Ra1 f6 24. Nf3 Bd7 25. Kg2 Bc6 26. axb5 Bxb5 27. Nd2 f5 28. Rad1 Nxd2 29. Bxb5 axb5 30. Rxd2 Kf7 31. Rde2 Rae7 32. h4 Qb6 33. Qd3 Bf6 34. Qd2 Bg7 35. Re3 Bf6 36. Ra3 Ra7 37. Rae3 Rae7 38. R3e2 Bg7 39. Qe3 Bf6 40. Ra2 Ra7 41. Rea1 Rxa2 42. Rxa2 Qc6 43. Ra7+ Re7 44. Ra6 Qc8 45. Kf1 Re8 46. Rb6 Bd8 47. Rxb5 Re7 48. Qa3 Qc6 49. Rb8 Bc7 50. Qa8 Qxa8 51. Rxa8 Bd6 52. Ra6 Bxc5 53. dxc5 h6 54. b5 g5 55. hxg5 hxg5 56. b6 Kf6 57. fxg5+ Kxg5 58. c6 1-0

[Event "Bezirksliga Oberbayern 1819"]
[Site "Bayern"]
[Date "2018.12.16"]
[Round "4.8"]
[White "Heinrichsen, Peter"]
[Black "Rose, Martin"]
[Result "1/2-1/2"]
[WhiteElo "1700"]
[BlackElo "1940"]
[PlyCount "51"]
[EventDate "2018.10.21"]
[EventType "team-tourn"]
[EventRounds "9"]
[EventCountry "GER"]
[SourceTitle "EXT 2022"]
[Source "ChessBase"]
[SourceDate "2021.10.06"]
[SourceVersion "1"]
[SourceVersionDate "2021.10.06"]
[SourceQuality "1"]
[WhiteTeam "Gauting"]
[BlackTeam "Moosburg SC"]
[WhiteTeamCountry "GER"]
[BlackTeamCountry "GER"]

1. b3 Nc6 2. Bb2 e5 3. e3 d5 4. Bb5 Bd6 5. Nf3 Qf6 6. 0-0 Bg4 7. h3 Bd7 8. d4 e4 9. Bxc6 Bxc6 10. Ne5 Ne7 11. Nd2 Qe6 12. c4 Bxe5 13. dxe5 Rd8 14. Qc2 Qg6 15. Kh2 dxc4 16. Nxc4 Nf5 17. Rad1 Rd3 18. Na5 Nh4 19. Rg1 Rxd1 20. Qxd1 h5 21. Nxc6 Qxc6 22. Qc1 Qa6 23. Qxc7 0-0 24. e6 Qxe6 25. Qe5 Qxe5+ 26. Bxe5 1/2-1/2